Europäische Fußballer - Statistiken

Allgemein
  • Dieses Quiz wurde 97 mal gespielt
  • Das Durchschnittsergebnis liegt bei 23 aus 33
Antworten auf der Karte
Die Antworten werden auf der Karte rot bzw. grün angezeigt, abhängig davon wie oft sie richtig erraten wurden.
 
Antwortstatistiken
Antwort % Korrekt
Christiano Ronaldo
89%
Kylian Mbappe
89%
Erling Haaland
88%
Christian Eriksen
85%
Federico Chiesa
85%
Mario Götze
85%
Robert Lewandowski
85%
Harry Kane
84%
Alexander Isak
82%
Frenkie de Jong
82%
Lamine Yamal
82%
Xherdan Shaqiri
82%
Konrad Laimer
80%
isak johannesson
78%
Luka Modric
78%
Kenan Yildiz
77%
Mykhaylo Mudryk
77%
Romelu Lukaku
77%
Aleksandr Golovin
76%
Patrik Schick
76%
Teemu Pukki
76%
Vangelis Pavlidis
74%
Troy Parrott
73%
Dominik Szoboszlai
70%
Radu Dragusin
61%
Edin Dzeko
59%
Jan Oblak
58%
Dusan Vlahovic
54%
Eljif Elmas
45%
Milan Skriniar
41%
Amir Rrahmani
35%
Stefan Savic
34%
Berat Djimsiti
26%
Keine übereinstimmenden Quizze gefunden
Verteilung der Resultate
Anzahl Personen mit jedem Resultat
Perzentil nach korrekt beantworteten Fragen
Ihre Resultats-Entwicklung
Sie haben dieses Quiz noch nicht gespielt